000 00507nma a22001937a 4500
005 20210325185928.0
006 g q ||
008 s1997 eng d
041 _aeng
090 _aMP0061
245 1 0 _aNevada : 1997-1998 official [Map]
260 3 _aCarson City :
_bNevada Department of Transportation,
_c1997
300 _a1 mapColour
650 0 4 _aNevada -- Maps
850 _aNALT
942 _cCD
997 _c000000000024215
_kVC
998 _aAREERAT VICHACHANG
999 _c24215
_d24215